000 00491nam a22001817a 4500
005 20150911112621.0
010 _aENG-113945
020 _c100.00
_a9789350450901
035 _aEN-97477
037 _bDBAD/PUB
_adpl
082 _a881
100 _aSemeen Ali
245 _aTransitions /
_cby Semeen Ali
260 _aCalcutta
_bWriters Workshop
_c2014
270 _a162/92, Lake Gardens,
_bCalcutta
_e700045
300 _a38p.
_c22cm(Hb)
942 _2ddc
_cEN
_mSEM
_h881
999 _c96526
_d96526